000 00619nam a2200265Ia 4500
003 OSt
005 20220912152133.0
006 a|||||r|||| 00| 0
007 ta
008 220909b |||||||| |||| 00| 0 eng d
024 _a58852
037 _cTextual
040 _aCSL
_beng
_cCSL
041 _aeng
082 _aY173P1:1:6, C7
100 _aRudolph
245 0 _aEvalution of the oryen
260 _c1897
300 _ap.
_ccm.
650 _a Aryans
650 _aAnthropology
700 _a Ihering
942 _hY173P1:1:6, C7
_cTEXL
_2CC
999 _c81350
_d81350